000 01512nam a2200325 c 4500
999 _c343212
_d343212
003 BLK
005 20240623004115.0
008 180911b bul|||||r ||||||| ||bul||
010 _a002873
040 _aBLK
041 _aBUL
_cBUL
080 _aВазов, Иван
_x92
_z886.7(092)92
100 1 _eпърви автор
_9398544
245 1 0 _aЮБИЛЕЯТ на Ивана Вазова
246 _aТържествено празнуване 25-та год. от книжовната деятелност на И. Вазов на 24 септ. 1895 г. в София ; Събрал и наредил Юбилейний к-т
_bЮБИЛЕЯТ на Ивана Вазова
260 _aСофия
_bТ. Ф. Чипев
_c1895
_fИван П. Даскалов и сие
300 _a192 с., 10 л
_bил. и ноти
_c20 см
380 _a82
490 _aЧастна колекция - Академик Михаил Арнаудов
_gДарение - Основен фонд
500 _aПодчертавания в текста. - Бележка : Юбилеят на Вазова (1895);
650 _aПисатели
_9166332
650 _aБиографии
_9148657
650 _aКритика
_9159735
650 0 _aПисатели, български
_9241944
655 _aбългарско литературознание
_9396216
852 _aМА 1922
942 _cKNG
_n0
_s1
944 _aCR
_c1996
_k
_lCRON CRON
999 _d343212